The Accidental American Tony Blair .................\ (Record no. 533390)

000 -LEADER
fixed length control field 00232nam a22000977a 4500
040 ## - CATALOGING SOURCE
Transcribing agency dlc
100 ## - MAIN ENTRY--PERSONAL NAME
Personal name James Naughtie
9 (RLIN) 27246
245 ## - TITLE STATEMENT
Title The Accidental American Tony Blair .................\
300 ## - PHYSICAL DESCRIPTION
Extent 250;p;
942 ## - ADDED ENTRY ELEMENTS (KOHA)
Source of classification or shelving scheme
Koha item type Book
Holdings
Withdrawn status Lost status Source of classification or shelving scheme Damaged status Not for loan Permanent Location Current Location Date acquired Total Checkouts Full call number Barcode Date last seen Price effective from Koha item type
          School of Civil and Environmental Engineering (SCEE) School of Civil and Environmental Engineering (SCEE) 12/31/2019   327.73056 NIT-8967 12/31/2019 12/31/2019 Book
© 2023 Central Library, National University of Sciences and Technology. All Rights Reserved.